Las Termas de Diocleciano y el Museo Nacional Romano / (Record no. 26719)

MARC details
000 -LEADER
campo de control de longitud fija 00894nam a2200241 i 4500
001 - NÚMERO DE CONTROL
campo de control 26719
003 - IDENTIFICADOR DE NÚMERO DE CONTROL
campo de control ES-MaACL
005 - FECHA Y HORA DE LA ÚLTIMA TRANSACCIÓN
campo de control 20230906153505.0
007 - CAMPO FIJO DE DESCRIPCIÓN FÍSICA--INFORMACIÓN GENERAL
campo de control de longitud fija t|
008 - DATOS DE LONGITUD FIJA--INFORMACIÓN GENERAL
campo de control de longitud fija 030110s1949 it ||||1| spa d
100 1# - ENTRADA PRINCIPAL--NOMBRE DE PERSONA
Nombre de persona Aurigemma, Salvatore.
9 (RLIN) 173330
245 14 - MENCIÓN DEL TÍTULO
Título Las Termas de Diocleciano y el Museo Nacional Romano /
Mención de responsabilidad, etc. Salvatore Aurigemma.
260 ## - PUBLICACIÓN, DISTRIBUCIÓN, ETC.
Lugar de publicación, distribución, etc. Roma :
Nombre del editor, distribuidor, etc. Ente provinciale per il turismo,
Fecha de publicación, distribución, etc. 1949.
300 ## - DESCRIPCIÓN FÍSICA
Extensión 32 p. :
Otras características físicas il. ;
Dimensiones 17 cm.
490 1# - MENCIÓN DE SERIE
Mención de serie Pequeña guía de los museos y de las galerías de Roma
610 24 - PUNTO DE ACCESO ADICIONAL DE MATERIA--NOMBRE DE ENTIDAD CORPORATIVA
Nombre de entidad corporativa o nombre de jurisdicción como elemento de entrada Termas de Diocleciano (Roma, Ciudad)
9 (RLIN) 173323
610 24 - PUNTO DE ACCESO ADICIONAL DE MATERIA--NOMBRE DE ENTIDAD CORPORATIVA
Nombre de entidad corporativa o nombre de jurisdicción como elemento de entrada Museo nazionale romano.
9 (RLIN) 173324
651 #4 - PUNTO DE ACCESO ADICIONAL DE MATERIA--NOMBRE GEOGRÁFICO
Nombre geográfico Roma (Ciudad)-
Subdivisión general Edificios, estructuras, etc.
9 (RLIN) 157489
710 2# - ENTRADA AGREGADA--NOMBRE DE ENTIDAD CORPORATIVA
Nombre de entidad corporativa o nombre de jurisdicción como elemento de entrada Ente provinciale per il turismo (Roma)
9 (RLIN) 3480
830 1# - PUNTO DE ACCESO ADICIONAL DE SERIE-TÍTULO UNIFORME
Título uniforme Pequeña guía de los museos y de las galerías de Roma
9 (RLIN) 181931
852 ## - LOCALIZACIÓN
Ubicación ES-MaACL
Número de control de estantería 1939-F-6
Holdings
Estatus retirado Estado de pérdida Estado de daño No para préstamo Colección Biblioteca de origen Biblioteca actual Ubicación en estantería Fecha de adquisición Fuente de adquisición Total de préstamos Signatura topográfica completa Código de barras Visto por última vez Precio de reemplazo Tipo de ítem Koha
        Colección de folletos Biblioteca del Ateneo de Madrid Biblioteca del Ateneo de Madrid Depósito folletos 17/01/2008     1939-F-6 1027572 23/02/2023 23/02/2023 Folleto